Taking cover (Record no. 77519)

MARC details
000 -LEADER
fixed length control field 01131cab a2200193 4500
001 - CONTROL NUMBER
control field ##L134427
008 - FIXED-LENGTH DATA ELEMENTS--GENERAL INFORMATION
fixed length control field 060804n2006 000 0 eng u
035 ## - SYSTEM CONTROL NUMBER
System control number (Sirsi) u134427
041 0# - LANGUAGE CODE
Language code of text/sound track or separate title eng
100 1# - MAIN ENTRY--PERSONAL NAME
Personal name Robins, Jon
245 00 - TITLE STATEMENT
Title Taking cover
260 ## - PUBLICATION, DISTRIBUTION, ETC.
Date of publication, distribution, etc. 2006
490 #0 - SERIES STATEMENT
Series statement Law Society's Gazette
Volume/sequential designation 103(30) 27 July 2006, 18-21(3)
520 ## - SUMMARY, ETC.
Summary, etc. Looks at the market for solicitors' professional indemnity insurance. Argues that the number of insurers in the market is probably sufficient to ensure that fears of a rise in rates for compulsory minimum insurance are probably unfounded, although the excess-layer market, where firms buy extra coverage above the minimum set by the Law Society, may see a rise in rates. Also discusses the pros and cons of aggregation clauses, and the assigned risks pool, which is formed by those firms that are unable to obtain insurance from the market, and which is underwritten by all insurers according to market share.
590 ## - LOCAL NOTE (RLIN)
Local note IKA010806
651 #4 - SUBJECT ADDED ENTRY--GEOGRAPHIC NAME
Geographic name England and Wales
Chronological subdivision 1543-
690 ## - LOCAL SUBJECT ADDED ENTRY--TOPICAL TERM (OCLC, RLIN)
Topical term or geographic name as entry element MANAGEMENT-BUSINESS MANAGEMENT-INSURANCE-PROFESSIONAL INDEMNITY INSURANCE
942 ## - ADDED ENTRY ELEMENTS (KOHA)
Suppress in OPAC 0
Holdings
Withdrawn status Lost status Source of classification or shelving scheme Damaged status Not for loan Home library Current library Shelving location Date acquired Total Checkouts Full call number Barcode Date last seen Copy number Price effective from Koha item type
    Dewey Decimal Classification     London London Journal article 04/08/2006   L134427 134427-1001 06/08/2019 1 06/08/2019 Journal article